El mar infinito /

Guardado en:
Autor Principal: Yancey, Rick
Formato: Libro
Publicado: Buenos Aires : Rba, 2015
Materias:
Etiquetas: Agregar Etiqueta
Sin Etiquetas, Sea el primero en etiquetar este registro!
LEADER 00546nam a22002055a 4500
001 CEM.cems014630
005 20150901164829.0
008 130507s2015##################000#0#####d
003 CEMS
020 |a 9789874578006 
082 0 4 |a 813.5 
100 1 |a Yancey, Rick 
245 1 0 |a El mar infinito /  |c Rick Yancey 
260 |a Buenos Aires :  |b Rba,  |c 2015 
300 |a 314 p. 
653 |a Literatura 
653 |a Literatura norteamericana 
653 |a Novelas 
653 |a Ciencia ficción 
859 |a CEMS  |b BIB. CEMS - 11 de abril  |h 813.5  |i Y15  |p 27201.15  |t Ej.1